000 00736nam a2200253Ia 4500
003 OSt
005 20220923213403.0
006 a|||||r|||| 00| 0
007 ta
008 220922b |||||||| |||| 00| 0 hin d
024 _a161,357
037 _cTextual
040 _aARTS
_cARTS
_bhin
041 _2hin
_ahin
082 _aO152,2M89,DH, L0
100 _aप्रसाद, जयशंकर
245 0 _aधुव्रस्वामिनी
246 _aDhuvraswāminī
250 _aसंस्क0 23
260 _c1970
650 _aहिन्दी साहित्य
_9156264
942 _hO152,2M89,DH, L0
_cTEXL
_2CC
999 _c316028
_d316028